[Event "Hamburg State-ch U16"]
[Site "Cuxhaven"]
[Date "2005.03.16"]
[Round "6"]
[White "Oehlke, Jan Philipp"]
[Black "Lienau, Raphael"]
[Result "1-0"]
[WhiteElo "1579"]
[BlackElo "1159"]
[PlyCount "70"]
[EventDate "2005.03.12"]
[EventType "swiss"]
[EventRounds "9"]
[EventCountry "GER"]
[SourceTitle "EXT 2007"]
[Source "ChessBase"]
[SourceDate "2006.11.23"]
[SourceVersion "1"]
[SourceVersionDate "2006.11.23"]
[SourceQuality "1"]

1. Nf3 d6 2. d4 Nf6 3. c4 g6 4. Nc3 Bf5 5. e3 Nbd7 6. Bd3 Bxd3 7. Qxd3 e5 8. e4 c5 9. dxe5 Nxe5 10. Nxe5 dxe5 11. Nd5 Nxd5 12. exd5 Bg7 13. 0-0 0-0 14. Re1 Qd7 15. Bd2 Rad8 16. Bc3 Rfe8 17. Qg3 Qd6 18. Re2 e4 19. Qe3 Bxc3 20. Qxc3 Qe5 21. Qb3 b6 22. Rae1 f5 23. Qa4 Qc7 24. f3 Qg7 25. Kh1 Re7 26. fxe4 Rxe4 27. Rxe4 fxe4 28. Qc2 Re8 29. Rxe4 Rxe4 30. Qxe4 Qxb2 31. Qe6+ Kg7 32. Qe7+ Kh6 33. Qh4+ Kg7 34. h3 Qa1+ 35. Kh2 Qe5+ 1-0

[Event "Hamburg State-ch U16"]
[Site "Cuxhaven"]
[Date "2005.03.12"]
[Round "1"]
[White "Lienau, Raphael"]
[Black "Smolkina, Milana"]
[Result "0-1"]
[WhiteElo "1159"]
[BlackElo "1736"]
[PlyCount "36"]
[EventDate "2005.03.12"]
[EventType "swiss"]
[EventRounds "9"]
[EventCountry "GER"]
[SourceTitle "EXT 2007"]
[Source "ChessBase"]
[SourceDate "2006.11.23"]
[SourceVersion "1"]
[SourceVersionDate "2006.11.23"]
[SourceQuality "1"]

1. e4 c5 2. Nf3 d6 3. d4 cxd4 4. Nxd4 Nf6 5. Nc3 g6 6. Be3 Bg7 7. Qd2 Ng4 8. f4 Nxe3 9. Qxe3 Qb6 10. 0-0-0 Nc6 11. Bb5 0-0 12. Nd5 Bxd4 13. Nxe7+ Nxe7 14. Qxd4 Qxb5 15. Qxd6 Nc6 16. f5 Qe5 17. Qd3 a5 18. fxg6 hxg6 0-1